| 000 | 00742nam a2200217Ii 4500 | ||
|---|---|---|---|
| 003 | JO-AjNU | ||
| 008 | 230605s9999||||xx |||||||||||||| ||und|| | ||
| 017 | _a1995/7/715 | ||
| 040 |
_aJO-AjNU _bara _erda _cJO-AjNU |
||
| 041 | _aara | ||
| 050 | 1 | 4 | _aLA1490.A32.1995 |
| 100 | 3 |
_aعدس، محمد عبد الرحيم, _eauthor _940249 |
|
| 245 | 0 | 0 | _aواقعنا التربوي إلى أين ؟ |
| 250 | _aط1 | ||
| 264 | 3 | 1 | _aعمان:دار الفكر للطباعة والنشر والتوزيع،1995 |
| 300 | _a161ص | ||
| 336 |
_atext _btxt _2rdacontent |
||
| 337 |
_aunmediated _bn _2rdamedia |
||
| 338 |
_avolume _bnc _2rdacarrier |
||
| 650 | 4 |
_aالتعليم-الإدارة التعليمية-البلاد العربية _940250 |
|
| 999 |
_aA17064 _c20632 _d20632 |
||